Statistics for Countries by Initial Letter and Length #2

Click here to take the quiz!

General Stats

  • This quiz has been taken 4,174 times
    (3,422 since last reset)
  • The average score is 10 of 21

Answer Stats

hintcountry% Correct
C4Chad
67%
C4Cuba
63%
S5Samoa
61%
A9Australia
56%
A9Argentina
55%
S5Spain
55%
S5Syria
55%
T6Turkey
55%
G6Gambia
53%
S5Sudan
52%
G6Guinea
51%
T6Tuvalu
51%
B8Botswana
50%
G6Guyana
48%
G6Greece
43%
T6Taiwan
43%
B8Bulgaria
41%
M7Morocco
40%
M7Moldova
39%
B8Barbados
35%
M7Myanmar
33%

Score Distribution

Percentile by Number Answered

Percent of People with Each Score

Your Score History

You have not taken this quiz since the last reset